Paper F3 Financial Accounting(INT) Complete Text 2008/09 (Record no. 34576)
[ view plain ]
| 000 -LEADER | |
|---|---|
| fixed length control field | 00381nam a2200145Ia 4500 |
| 008 - FIXED-LENGTH DATA ELEMENTS--GENERAL INFORMATION | |
| fixed length control field | 231019s9999 xx 000 0 und d |
| 020 ## - INTERNATIONAL STANDARD BOOK NUMBER | |
| ISBN | 978-1-84710-241-6 |
| 082 ## - DEWEY DECIMAL CLASSIFICATION NUMBER | |
| Classification number | 657 |
| Item number | LYN-F |
| 100 ## - MAIN ENTRY--AUTHOR | |
| Author Name | Foulks Lynch |
| 245 #0 - TITLE STATEMENT | |
| Title | Paper F3 Financial Accounting(INT) Complete Text 2008/09 |
| 260 ## - PUBLICATION, DISTRIBUTION, ETC. | |
| Place of Publication | UK |
| Name of publisher, distributor, etc. | Kaplan Publishing |
| Date of publication, distribution, etc. | 2009 |
| 300 ## - PHYSICAL DESCRIPTION | |
| Pages | 434 |
| 650 ## - SUBJECT ADDED ENTRY--TOPICAL TERM | |
| Subject / Department | Accounting |
| 952 ## - LOCATION AND ITEM INFORMATION (KOHA) | |
| -- | 0 |
| -- | 0 |
| Lost status | Damaged status | Permanent Location | Current Location | Date acquired | Full Call Number | Accession No./Barcode | Date last seen | item type |
|---|---|---|---|---|---|---|---|---|
| Superior Information Resource Center (SIRC) Superior University - City Campus | Superior Information Resource Center (SIRC) Superior University - City Campus | 10/19/2023 | 657 LYN-F | 28125 | 10/19/2023 | BOOK |
